Clinical neurology / (Record no. 3553)

000 -LEADER
fixed length control field 01138cam a2200337 a 4500
001 - CONTROL NUMBER
control field 1022684
003 - CONTROL NUMBER IDENTIFIER
control field OSt
005 - DATE AND TIME OF LATEST TRANSACTION
control field 20211124122959.0
008 - FIXED-LENGTH DATA ELEMENTS--GENERAL INFORMATION
fixed length control field 921001s1989 enka b 001 0 eng d
010 ## - LIBRARY OF CONGRESS CONTROL NUMBER
LC control number 88046225
020 ## - INTERNATIONAL STANDARD BOOK NUMBER
International Standard Book Number 0713144327 (pbk.)
035 ## - SYSTEM CONTROL NUMBER
System control number (OCoLC)20893161
040 ## - CATALOGING SOURCE
Original cataloging agency DNLM
Transcribing agency DNLM
Modifying agency Uk
-- DLC
042 ## - AUTHENTICATION CODE
Authentication code lccopycat
050 00 - LIBRARY OF CONGRESS CALL NUMBER
Classification number RC346
Item number .M37 1989
060 00 - NATIONAL LIBRARY OF MEDICINE CALL NUMBER
Classification number WL 141
Item number M364c 1989
100 1# - MAIN ENTRY--PERSONAL NAME
Personal name Marsden, C. David.
245 10 - TITLE STATEMENT
Title Clinical neurology /
Statement of responsibility, etc. C. David Marsden, Timothy J. Fowler.
260 ## - PUBLICATION, DISTRIBUTION, ETC.
Place of publication, distribution, etc. London :
Name of publisher, distributor, etc. E. Arnold,
Date of publication, distribution, etc. c1989.
300 ## - PHYSICAL DESCRIPTION
Extent xvi, 464 p. :
Other physical details ill.;
Dimensions 23 cm.
440 #0 - SERIES STATEMENT/ADDED ENTRY--TITLE
Title Physiological principles in medicine
504 ## - BIBLIOGRAPHY, ETC. NOTE
Bibliography, etc. note Includes bilbiographical references (p. [448]-450) and index.
650 #0 - SUBJECT ADDED ENTRY--TOPICAL TERM
Topical term or geographic name entry element Nervous system
General subdivision Diseases
-- Diagnosis.
650 #0 - SUBJECT ADDED ENTRY--TOPICAL TERM
Topical term or geographic name entry element Nervous system
General subdivision Diseases
-- Treatment.
650 #2 - SUBJECT ADDED ENTRY--TOPICAL TERM
Topical term or geographic name entry element Nervous System-Diseases
General subdivision diagnosis.
650 #2 - SUBJECT ADDED ENTRY--TOPICAL TERM
Topical term or geographic name entry element Nervous System-Diseases
General subdivision therapy.
700 1# - ADDED ENTRY--PERSONAL NAME
Personal name Fowler, T.
Fuller form of name (Timothy)
906 ## - LOCAL DATA ELEMENT F, LDF (RLIN)
a 7
b cbc
c copycat
d 4
e ocip
f 19
g y-gencatlg
942 ## - ADDED ENTRY ELEMENTS (KOHA)
Source of classification or shelving scheme
Koha item type Book
Holdings
Withdrawn status Lost status Source of classification or shelving scheme Damaged status Not for loan Permanent Location Current Location Shelving location Date acquired Source of acquisition Total Checkouts Full call number Barcode Date last seen Price effective from Koha item type Public note
          AU LIBRARY AU LIBRARY Open Shelf 24.11.2021 DONATION FROM MOI UNIVERSITY   RC346 .M37 1989 28004991 24.11.2021 24.11.2021 Book CM

Powered by Koha